[Event "38th WCh U20 Girls"]
[Site "Cala Gonone ITA"]
[Date "2022.10.18"]
[Round "7.18"]
[White "Bashylina, Luisa"]
[Black "Skaslien, Ingrid"]
[Result "1/2-1/2"]
[WhiteElo "2073"]
[BlackElo "1909"]
[EventDate "2022.10.12"]
[PlyCount "73"]

1.d4 d5 2.c4 dxc4 3.Nf3 Nf6 4.e3 a6 5.Bxc4 e6 6.O-O b5 7.Be2 Bb7 8.a4 b4 
9.Nbd2 c5 10.b3 cxd4 11.Nxd4 Nbd7 12.Bb2 Rc8 13.Nc4 Be7 14.Bf3 Qc7 15.Rc1 
Nc5 16.Bxb7 Qxb7 17.a5 O-O 18.Nb6 Rcd8 19.Qe2 e5 20.Nf5 Nxb3 21.Rc2 Bd6 
22.Nxd6 Rxd6 23.Bxe5 Rc6 24.Rxc6 Qxc6 25.Bxf6 gxf6 26.Qg4+ Kh8 27.Qxb4 Rg8
28.g3 Nc1 29.Qd2 Nb3 30.Qb2 Qe6 31.Qc3 Rg5 32.Rb1 Rc5 33.Qb4 Kg7 34.Na4 
Rc4 35.Qa3 Nd2 36.Rb8 Nf3+ 37.Kg2 1/2-1/2

[Event "38th WCh U20 Girls"]
[Site "Cala Gonone ITA"]
[Date "2022.10.18"]
[Round "7.19"]
[White "Aubert, Estee"]
[Black "Femil, Chelladurai"]
[Result "1-0"]
[WhiteElo "2019"]
[BlackElo "1562"]
[EventDate "2022.10.12"]
[PlyCount "83"]

1.d4 d5 2.c4 e6 3.Nf3 Nf6 4.Nc3 b6 5.Bf4 Bd6 6.Ne5 O-O 7.e3 Bb7 8.cxd5 
Nxd5 9.Bg3 f5 10.Bc4 Nd7 11.Qb3 N7f6 12.Bh4 c6 13.O-O Qe8 14.Rfe1 Bxe5 15.
dxe5 Ne4 16.Nxe4 fxe4 17.Red1 Qh5 18.Bg3 Rad8 19.Qc2 Qg6 20.a3 h5 21.Rac1 
c5 22.Ba2 Qg4 23.h3 Qf5 24.Bb1 Ne7 25.Qa4 a6 26.Rd6 b5 27.Qa5 Rc8 28.Rd7 
Nc6 29.Qb6 Ba8 30.Rxc5 Rcd8 31.Rd6 Rb8 32.Qxa6 g5 33.Ba2 Rfe8 34.h4 gxh4 
35.Bxh4 Qg4 36.Bf6 h4 37.Rd7 Kf8 38.Rg7 Qd1+ 39.Kh2 h3 40.gxh3 Qe2 41.Rg2 
Nd4 42.Qd6+ 1-0

[Event "38th WCh U20 Girls"]
[Site "Cala Gonone ITA"]
[Date "2022.10.18"]
[Round "7.20"]
[White "Walter, Ema"]
[Black "Malikova, Marjona"]
[Result "1/2-1/2"]
[WhiteElo "2062"]
[BlackElo "1830"]
[EventDate "2022.10.12"]
[PlyCount "88"]

1.e4 c6 2.d4 d5 3.exd5 cxd5 4.Bd3 Nc6 5.c3 Nf6 6.h3 g6 7.Nf3 Bf5 8.Be2 Bg7
9.O-O O-O 10.Bf4 Re8 11.Nbd2 h6 12.Re1 g5 13.Bh2 Ne4 14.Nf1 Bg6 15.Qb3 Na5
16.Qb4 a6 17.Qa4 b5 18.Qd1 Nc4 19.Qc1 Rc8 20.N3d2 Ncxd2 21.Nxd2 Bxd4 22.
Nxe4 Bxe4 23.Qd2 Bc5 24.Kf1 Qb6 25.f3 Be3 26.Qd1 Rcd8 27.fxe4 dxe4 28.Qc2 
Qf6+ 29.Bf3 Rd3 30.Rxe3 Rxe3 31.Qf2 Rd3 32.Bxe4 Qxf2+ 33.Kxf2 Rd2+ 34.Ke3 
Rxb2 35.a4 Rb3 36.axb5 axb5 37.Be5 b4 38.Rf1 Rd8 39.Rc1 Ra3 40.Ke2 bxc3 
41.Bxc3 Rc8 42.Kd2 Ra2+ 43.Kd3 Rd8+ 44.Ke3 Ra3 1/2-1/2

[Event "38th WCh U20 Girls"]
[Site "Cala Gonone ITA"]
[Date "2022.10.18"]
[Round "7.21"]
[White "Norlamo, Sarabella"]
[Black "Ortega Beltran, Ximena"]
[Result "0-1"]
[WhiteElo "1946"]
[BlackElo "1820"]
[EventDate "2022.10.12"]
[PlyCount "56"]

1.d4 Nf6 2.c4 c5 3.d5 b5 4.cxb5 a6 5.bxa6 g6 6.Nc3 Bg7 7.e4 d6 8.Bb5+ Nfd7
9.Nge2 Bxa6 10.O-O O-O 11.Qc2 Qb6 12.a4 Ne5 13.Rb1 h5 14.h3 Bxb5 15.Nxb5 
Na6 16.Bd2 Rfc8 17.b3 Rab8 18.Bc3 Nc7 19.Nxc7 Rxc7 20.Nc1 Qa7 21.Kh1 Rcb7 
22.f4 Nc4 23.Bxg7 Ne3 24.Qc3 Nxf1 25.Bh6 f6 26.g4 c4 27.f5 Qf2 28.Rb2 Ng3+
0-1

[Event "38th WCh U20 Girls"]
[Site "Cala Gonone ITA"]
[Date "2022.10.18"]
[Round "7.22"]
[White "Gabbani, Sara"]
[Black "Muha, Magdalena"]
[Result "1-0"]
[WhiteElo "1944"]
[BlackElo "1706"]
[EventDate "2022.10.12"]
[PlyCount "69"]

1.e4 e6 2.d4 d5 3.Nc3 Bb4 4.e5 c5 5.a3 Bxc3+ 6.bxc3 Qc7 7.Bd2 Ne7 8.Qg4 
Nbc6 9.Qxg7 Rg8 10.Qxh7 cxd4 11.f4 dxc3 12.Bxc3 Bd7 13.Nf3 O-O-O 14.Qd3 
Nf5 15.g3 d4 16.Bd2 Nce7 17.Be2 Bc6 18.Rg1 Bxf3 19.Bxf3 Nd5 20.Rb1 b6 21.
Kf2 f6 22.exf6 Nxf6 23.Rge1 Qh7 24.Rh1 Nd5 25.Qe4 Rg6 26.a4 Rd7 27.a5 Rc7 
28.axb6 axb6 29.Qd3 Nfe3 30.h4 Qg7 31.Rhg1 Qh6 32.Qxd4 Nxc2 33.Qa4 e5 34.
Bxd5 exf4 35.Qe8# 1-0

[Event "38th WCh U20 Girls"]
[Site "Cala Gonone ITA"]
[Date "2022.10.18"]
[Round "7.23"]
[White "Pipia, Ekaterine"]
[Black "Shaw, Laurie Ann"]
[Result "1-0"]
[WhiteElo "1926"]
[BlackElo "1409"]
[EventDate "2022.10.12"]
[PlyCount "61"]

1.d4 Nf6 2.c4 c5 3.d5 b5 4.cxb5 a6 5.b6 d6 6.Nc3 g6 7.e4 Bg7 8.Nf3 O-O 9.
Bd3 Nbd7 10.b7 Bxb7 11.O-O Ng4 12.Bc2 Nge5 13.Nxe5 Nxe5 14.f4 Nc4 15.Qe2 
Nb6 16.Rf3 a5 17.Rh3 Ba6 18.Qe1 e6 19.dxe6 fxe6 20.f5 exf5 21.exf5 Bc8 22.
Bf4 Ra7 23.Nb5 Re7 24.Qh4 Bf6 25.Qh6 Be5 26.Bg5 Bf6 27.Bf4 Be5 28.Bxe5 
dxe5 29.Rd1 Qe8 30.Nd6 Qc6 31.fxg6 1-0

[Event "38th WCh U20 Girls"]
[Site "Cala Gonone ITA"]
[Date "2022.10.18"]
[Round "7.24"]
[White "Grozdanovic, Anastasia"]
[Black "Sala, Giulia"]
[Result "1-0"]
[WhiteElo "1824"]
[BlackElo "1869"]
[EventDate "2022.10.12"]
[PlyCount "75"]

1.d4 d5 2.c4 c6 3.Nf3 Nf6 4.Nc3 e6 5.Bg5 h6 6.Bh4 Nbd7 7.cxd5 exd5 8.e3 
Bd6 9.Bd3 O-O 10.Qc2 Re8 11.Bg3 Bxg3 12.hxg3 Nb6 13.Rh4 Qd6 14.Ne5 Nbd7 
15.f4 c5 16.O-O-O c4 17.Bf5 Rb8 18.g4 b5 19.g5 b4 20.gxf6 Nxf6 21.Na4 Qa6 
22.Bxc8 Rexc8 23.Nc5 Qxa2 24.Qa4 Qxa4 25.Nxa4 a5 26.Nc5 Ra8 27.Ned7 Nxd7 
28.Nxd7 Rc6 29.Nc5 a4 30.Kc2 a3 31.Ra1 b3+ 32.Kc3 a2 33.e4 dxe4 34.Kxc4 
Ra4+ 35.Kb5 Rxc5+ 36.Kxc5 Ra8 37.Rh3 Rb8 38.Kc4 1-0

[Event "38th WCh U20 Girls"]
[Site "Cala Gonone ITA"]
[Date "2022.10.18"]
[Round "7.25"]
[White "Middleton, Jody"]
[Black "Daniilidi, Dimitra Lydia"]
[Result "0-1"]
[WhiteElo "1850"]
[BlackElo "1498"]
[EventDate "2022.10.12"]
[PlyCount "110"]

1.d4 d5 2.c4 dxc4 3.e4 Nf6 4.e5 Nd5 5.Bxc4 Nb6 6.Bb3 Nc6 7.Nf3 Bf5 8.Nc3 
e6 9.O-O Qd7 10.Be3 O-O-O 11.Qe2 Be7 12.Rfd1 Bg4 13.Rac1 Kb8 14.a3 f6 15.
h3 Bh5 16.Na4 Nd5 17.exf6 gxf6 18.g4 Rhg8 19.Nc5 Bxc5 20.Rxc5 Qg7 21.Nh2 
f5 22.f3 Nxe3 23.Qxe3 Nxd4 24.Rdc1 f4 25.Qd3 Bg6 26.Qc4 c6 27.Ba4 Qh6 28.
Qf1 Qh4 29.Re5 Qf6 30.Qe1 Rd5 31.Rxd5 exd5 32.Qf2 Re8 33.Re1 Rxe1+ 34.Qxe1
Qe6 35.Qb4 Qe3+ 36.Kg2 Qe2+ 37.Kg1 Nxf3+ 38.Nxf3 Qxf3 39.Qd6+ Kc8 40.Qe6+ 
Kc7 41.Qe5+ Kb6 42.Qc3 Qxc3 43.bxc3 Kc5 44.Bb3 b5 45.Kf2 Be4 46.h4 d4 47.
cxd4+ Kxd4 48.g5 Kc3 49.Bd1 c5 50.h5 b4 51.axb4 cxb4 52.Bf3 Bf5 53.Bg4 
Bxg4 54.g6 h6 55.g7 Be6 0-1

[Event "38th WCh U20 Girls"]
[Site "Cala Gonone ITA"]
[Date "2022.10.18"]
[Round "7.26"]
[White "Singgih, Diajeng Theresa"]
[Black "Levitan, Ronit"]
[Result "0-1"]
[WhiteElo "1991"]
[BlackElo "2024"]
[EventDate "2022.10.12"]
[PlyCount "112"]

1.e4 e5 2.Nf3 Nc6 3.Bb5 a6 4.Ba4 Nf6 5.O-O Nxe4 6.Re1 Nc5 7.Bxc6 dxc6 8.
Nxe5 Be7 9.d4 Ne6 10.c3 O-O 11.f4 Re8 12.f5 Nf8 13.Rf1 f6 14.Nd3 Qd5 15.g4
b6 16.Nf4 Qf7 17.Qd3 Bb7 18.Nd2 Rad8 19.Nf3 Bd6 20.g5 Bxf4 21.Bxf4 c5 22.
Rae1 Rxe1 23.Rxe1 cxd4 24.cxd4 c5 25.Kf2 Qh5 26.Re7 Bxf3 27.Qxf3 Qxf3+ 28.
Kxf3 fxg5 29.Bxg5 Rxd4 30.Ra7 a5 31.f6 gxf6 32.Bxf6 Rd7 33.Rxd7 Nxd7 34.
Bc3 Kf7 35.Kf4 Ke6 36.Kg5 Ne5 37.h3 Nf7+ 38.Kf4 a4 39.a3 Nd6 40.Bg7 b5 41.
Bc3 Kd5 42.Ke3 Kc4 43.Be5 Nf5+ 44.Kd2 Nd4 45.Bd6 Nf5 46.Be5 Kb3 47.Kc1 Ne3
48.Bg7 Nd5 49.Kb1 c4 50.Ka1 c3 51.bxc3 Kxa3 52.Bf8+ Kb3 53.h4 Nxc3 54.h5 
Nd5 55.h6 a3 56.Bd6 Ne3 0-1

[Event "38th WCh U20 Girls"]
[Site "Cala Gonone ITA"]
[Date "2022.10.18"]
[Round "7.27"]
[White "Mikic, Ivana"]
[Black "Simkunaite, Gabija"]
[Result "0-1"]
[WhiteElo "1783"]
[BlackElo "2014"]
[EventDate "2022.10.12"]
[PlyCount "106"]

1.e4 c5 2.Nf3 Nc6 3.d4 cxd4 4.Nxd4 e5 5.Nb5 d6 6.N1c3 a6 7.Na3 Be7 8.Nd5 
Nf6 9.Nxf6+ Bxf6 10.Nc4 Be7 11.Be3 Be6 12.Nb6 Rb8 13.Be2 O-O 14.Bg4 Bg5 
15.Nd5 Bxd5 16.exd5 Bxe3 17.fxe3 Ne7 18.O-O f5 19.Be2 Qb6 20.Qd3 f4 21.Kh1
fxe3 22.b3 Rf2 23.Rae1 Rbf8 24.Bg4 Qd4 25.Be6+ Kh8 26.Rxf2 exf2 27.Rf1 Qf4
28.g3 Qf6 29.Kg2 g6 30.Qe2 Kg7 31.Rxf2 Qxf2+ 32.Qxf2 Rxf2+ 33.Kxf2 b6 34.
c4 a5 35.a3 Kf6 36.g4 h5 37.gxh5 gxh5 38.b4 axb4 39.axb4 Ng6 40.Bh3 Nf4 
41.Bf1 e4 42.b5 Ke5 43.Ke3 h4 44.h3 Nh5 45.Be2 Ng3 46.Bg4 Nf1+ 47.Ke2 Nh2 
48.Bh5 Kd4 49.Kf2 Kxc4 50.Ke3 Kxd5 51.Bg6 Nf1+ 52.Kf4 Ng3 53.Kg4 e3 0-1

[Event "38th WCh U20 Girls"]
[Site "Cala Gonone ITA"]
[Date "2022.10.18"]
[Round "7.28"]
[White "Ruiz Villalba, Andrea"]
[Black "Badenhorst, Chloe"]
[Result "1/2-1/2"]
[WhiteElo "1764"]
[BlackElo "1687"]
[EventDate "2022.10.12"]
[PlyCount "66"]

1.e4 c5 2.Nf3 Nc6 3.d4 cxd4 4.Nxd4 Nf6 5.Nc3 e5 6.Ndb5 d6 7.Bg5 a6 8.Na3 
b5 9.Nd5 Be7 10.Bxf6 Bxf6 11.c3 Bg5 12.Nc2 Rb8 13.Be2 O-O 14.O-O Be6 15.
Nce3 Bxe3 16.Nxe3 Ne7 17.Bf3 Kh8 18.Qd2 g6 19.Rfd1 Rb6 20.a4 bxa4 21.Rxa4 
Bb3 22.Raa1 Bxd1 23.Rxd1 Qc7 24.Be2 Rc6 25.Nc2 Rb8 26.Nb4 Rxb4 27.cxb4 Rc2
28.Qd3 Rxb2 29.Qxa6 Rxb4 30.Rxd6 Rxe4 31.Rxg6 hxg6 32.Qa8+ Kg7 33.Qxe4 Nf5
1/2-1/2

[Event "38th WCh U20 Girls"]
[Site "Cala Gonone ITA"]
[Date "2022.10.18"]
[Round "7.29"]
[White "Saravanan, Durga"]
[Black "Jacobsen, Shanne Hedegaard"]
[Result "1-0"]
[WhiteElo "1736"]
[BlackElo "1412"]
[EventDate "2022.10.12"]
[PlyCount "87"]

1.d4 d5 2.c4 c6 3.Nf3 Nf6 4.Nc3 e6 5.e3 Nbd7 6.Qc2 Bd6 7.Bd3 dxc4 8.Bxc4 
b5 9.Be2 Bb7 10.O-O O-O 11.e4 Be7 12.e5 Nd5 13.Nxd5 exd5 14.Bd3 g6 15.Bh6 
Re8 16.e6 Nf8 17.exf7+ Kxf7 18.Ne5+ Kg8 19.Bxf8 Bxf8 20.Bxg6 Re7 21.Bf5 
Qc7 22.Rac1 Bh6 23.Rcd1 Rf8 24.Qd3 Rg7 25.Qh3 Bf4 26.Nf3 Bc8 27.Bxc8 Rxc8 
28.Qe6+ Kh8 29.Kh1 Rcg8 30.g3 Bd6 31.Nh4 Qd8 32.Rde1 Qf8 33.Qh6 Be7 34.f4 
Rf7 35.Qxf8 Rgxf8 36.Nf3 Bb4 37.Rc1 Rc7 38.Ne5 Rfc8 39.f5 c5 40.a3 Bd2 41.
Rxc5 Rxc5 42.dxc5 Rxc5 43.f6 Bh6 44.Nf7+ 1-0

[Event "38th WCh U20 Girls"]
[Site "Cala Gonone ITA"]
[Date "2022.10.18"]
[Round "7.30"]
[White "Gardiner, Noa Saxon"]
[Black "Velikova, Gabriela"]
[Result "1-0"]
[WhiteElo "1266"]
[BlackElo "1500"]
[EventDate "2022.10.12"]
[PlyCount "75"]

1.e4 e5 2.Nc3 Bc5 3.g3 Nf6 4.Bg2 O-O 5.Nge2 c6 6.O-O d6 7.d4 exd4 8.Nxd4 
Bg4 9.f3 Bh5 10.Kh1 Re8 11.g4 Bg6 12.h4 h6 13.g5 Nh5 14.Nde2 b5 15.f4 hxg5
16.f5 g4 17.Bg5 f6 18.Bf4 Bf7 19.Ng3 Nxg3+ 20.Bxg3 Bh5 21.Ne2 Bf7 22.Nf4 
Bc4 23.Re1 Nd7 24.Ng6 Ne5 25.Nxe5 fxe5 26.Qxg4 Qf6 27.h5 Kf7 28.b3 Rab8 
29.bxc4 bxc4 30.Qg6+ Qxg6 31.fxg6+ Ke7 32.Rf1 Rf8 33.Rxf8 Rxf8 34.Rf1 Rh8 
35.Rf7+ Ke8 36.Bf3 Rg8 37.Rb7 Bb6 38.Bh4 1-0

[Event "38th WCh U20 Girls"]
[Site "Cala Gonone ITA"]
[Date "2022.10.18"]
[Round "7.31"]
[White "Oliveira, Beatriz Correia"]
[Black "Ishvi, Aggarwal"]
[Result "1/2-1/2"]
[WhiteElo "1538"]
[BlackElo "1964"]
[EventDate "2022.10.12"]
[PlyCount "61"]

1.d4 d5 2.c4 e6 3.Nc3 Nf6 4.Nf3 Be7 5.Bg5 O-O 6.e3 h6 7.Bh4 Nbd7 8.Rc1 c5 
9.cxd5 Nxd5 10.Bxe7 Nxe7 11.Be2 b6 12.O-O Bb7 13.dxc5 Nxc5 14.b4 Nd7 15.
Qb3 Nc6 16.Rfd1 Qe7 17.a3 Rfd8 18.h3 a5 19.Na4 axb4 20.axb4 Qxb4 21.Qxb4 
Nxb4 22.Rxd7 Rxd7 23.Nxb6 Bxf3 24.Bxf3 Rad8 25.Nxd7 Rxd7 26.Rc8+ Kh7 27.
Rc4 Nd3 28.Be4+ g6 29.Bxd3 Rxd3 30.g3 Kg7 31.Rc7 1/2-1/2

[Event "38th WCh U20 Girls"]
[Site "Cala Gonone ITA"]
[Date "2022.10.18"]
[Round "7.32"]
[White "Georges, Lisa"]
[Black "Andhin, Chethanah"]
[Result "1-0"]
[WhiteElo "1799"]
[BlackElo "1493"]
[EventDate "2022.10.12"]
[PlyCount "67"]

1.e4 d5 2.exd5 Qxd5 3.Nc3 Qa5 4.d4 c6 5.Nf3 Bf5 6.Bc4 e6 7.Qe2 Nf6 8.Bd2 
Qd8 9.O-O-O Be7 10.Ne5 Qxd4 11.h3 b5 12.Bh6 Qh4 13.Bxg7 Qg5+ 14.Kb1 Qxg7 
15.Bxb5 O-O 16.g4 Bg6 17.Bc4 Nd5 18.h4 h6 19.Nxg6 Qxg6 20.Nxd5 cxd5 21.Bd3
Qg7 22.g5 Kh8 23.f4 Nc6 24.c3 Rab8 25.Bb5 Rfc8 26.f5 Qh7 27.Ka1 Qxf5 28.
Bd3 Qe5 29.Qh5 Bf8 30.Rhf1 Bg7 31.Rf6 Qh2 32.Rb1 Ne5 33.Rxh6+ Bxh6 34.
Qxh6+ 1-0

[Event "38th WCh U20 Girls"]
[Site "Cala Gonone ITA"]
[Date "2022.10.19"]
[Round "8.1"]
[White "Serikbay, Assel"]
[Black "Beydullayeva, Govhar"]
[Result "0-1"]
[WhiteElo "2181"]
[BlackElo "2356"]
[EventDate "2022.10.12"]
[PlyCount "98"]

1.e4 c5 2.Nf3 d6 3.Bb5+ Nd7 4.O-O a6 5.Bxd7+ Bxd7 6.d4 cxd4 7.Nxd4 Nf6 8.
Qd3 e5 9.Nb3 Rc8 10.Nc3 h6 11.a4 Be7 12.a5 O-O 13.Rd1 Qc7 14.Nd2 Rfe8 15.
Nf1 Be6 16.Ne3 Bf8 17.Ncd5 Nxd5 18.exd5 Bd7 19.c4 e4 20.Qe2 f5 21.b3 Qd8 
22.Nc2 Qf6 23.Qe3 Be7 24.Bd2 Qf7 25.Qg3 g5 26.f4 exf3 27.Qxf3 Bf6 28.Bc3 
f4 29.Bxf6 Qxf6 30.Re1 Bf5 31.Qf2 Re5 32.Nd4 Rce8 33.Nxf5 Qxf5 34.Rad1 Qg4
35.Kf1 Qh5 36.Qf3 g4 37.Qd3 f3 38.Rxe5 Rxe5 39.Rd2 Kg7 40.gxf3 gxf3 41.Qd4
Qh3+ 42.Kg1 Kf7 43.Qb6 Re1+ 44.Kf2 Rf1+ 45.Ke3 f2+ 46.Kd4 Qg4+ 47.Ke3 Qg5+
48.Kd3 Qf5+ 49.Kd4 Re1 0-1

[Event "38th WCh U20 Girls"]
[Site "Cala Gonone ITA"]
[Date "2022.10.19"]
[Round "8.2"]
[White "Salimova, Nurgyul"]
[Black "Rudzinska, Michalina"]
[Result "1-0"]
[WhiteElo "2415"]
[BlackElo "2259"]
[EventDate "2022.10.12"]
[PlyCount "63"]

1.d4 Nf6 2.Nf3 e6 3.Bg5 h6 4.Bh4 c5 5.e3 Nc6 6.c3 d5 7.Nbd2 Bd6 8.Bd3 O-O 
9.dxc5 Bxc5 10.e4 dxe4 11.Nxe4 Be7 12.Bxf6 Bxf6 13.Qe2 Be7 14.O-O-O Qa5 
15.Kb1 Ne5 16.Nxe5 Qxe5 17.Rhf1 Bd7 18.f4 Qc7 19.g4 Bc6 20.g5 hxg5 21.Nxg5
Bxg5 22.fxg5 g6 23.h4 Rad8 24.h5 gxh5 25.Rf6 Qg3 26.Rh6 Rxd3 27.Rxd3 Qg4 
28.Qe5 Qg1+ 29.Kc2 Qf2+ 30.Kc1 f6 31.Qxe6+ Kg7 32.Qe7+ 1-0

[Event "38th WCh U20 Girls"]
[Site "Cala Gonone ITA"]
[Date "2022.10.19"]
[Round "8.3"]
[White "Hajiyeva, Laman"]
[Black "Kamalidenova, Meruert"]
[Result "1-0"]
[WhiteElo "2138"]
[BlackElo "2376"]
[EventDate "2022.10.12"]
[PlyCount "67"]

1.e4 c5 2.c3 Nf6 3.e5 Nd5 4.Nf3 Nc6 5.d4 cxd4 6.cxd4 d6 7.Bc4 Nb6 8.Bb3 
dxe5 9.d5 Na5 10.Nc3 Nxb3 11.Qxb3 g6 12.Nxe5 Bg7 13.Bf4 O-O 14.O-O e6 15.
d6 f6 16.Nd3 Kh8 17.Rfd1 e5 18.Be3 f5 19.f4 exf4 20.Nxf4 g5 21.Nh5 Be5 22.
Qb5 Nd7 23.Qd5 Qe8 24.Bd4 Bxd4+ 25.Qxd4+ Qe5 26.Nd5 Qxd4+ 27.Rxd4 Nc5 28.
Re1 Ne6 29.Rc4 Nd8 30.Re7 Be6 31.Rcc7 Bg8 32.Ndf6 Bf7 33.d7 Bg6 34.Re8 1-0

[Event "38th WCh U20 Girls"]
[Site "Cala Gonone ITA"]
[Date "2022.10.19"]
[Round "8.4"]
[White "Mkrtchian, Mariam"]
[Black "Kurmangaliyeva, Liya"]
[Result "1-0"]
[WhiteElo "2374"]
[BlackElo "2199"]
[EventDate "2022.10.12"]
[PlyCount "85"]

1.d4 Nf6 2.c4 e6 3.Nf3 d5 4.Nc3 Bb4 5.Bg5 Nbd7 6.e3 c5 7.cxd5 exd5 8.Bd3 
Qa5 9.Qc2 c4 10.Bf5 O-O 11.O-O Re8 12.Rfb1 g6 13.Bxd7 Nxd7 14.a3 Bxc3 15.
Qxc3 Qa6 16.b3 Nb6 17.a4 Bf5 18.Rb2 Rac8 19.h3 Re6 20.a5 cxb3 21.Qxb3 Nc4 
22.Rba2 Rec6 23.Be7 h6 24.Bc5 g5 25.Nh2 Rf6 26.Nf1 Bg6 27.Ng3 Kh7 28.Qd1 
Nd6 29.Qg4 Rc7 30.h4 gxh4 31.Qxh4 Nf5 32.Nxf5 Bxf5 33.Kh2 Qe6 34.Bxa7 Rg6 
35.Bb8 Rc8 36.Bf4 Rcg8 37.f3 Bd3 38.Rb2 Bc4 39.Rg1 Ba6 40.Rb6 Qf5 41.g4 
Qd3 42.Kg3 Rh8 43.Rh1 1-0

[Event "38th WCh U20 Girls"]
[Site "Cala Gonone ITA"]
[Date "2022.10.19"]
[Round "8.5"]
[White "Urh, Zala"]
[Black "Hrebenshchykova, Yelyzaveta"]
[Result "1-0"]
[WhiteElo "2221"]
[BlackElo "2268"]
[EventDate "2022.10.12"]
[PlyCount "65"]

1.d4 Nf6 2.c4 g6 3.g3 Bg7 4.Bg2 O-O 5.Nc3 c5 6.Nf3 d6 7.O-O Nc6 8.d5 Na5 
9.Qd3 a6 10.e4 Bd7 11.e5 dxe5 12.Nxe5 Bf5 13.Qe2 Qc8 14.Bd2 Nd7 15.Nxd7 
Bxd7 16.Rae1 Re8 17.b3 b6 18.Qd1 Nb7 19.d6 e6 20.Ne4 f5 21.Ng5 h6 22.Nf3 
Nxd6 23.Bxh6 Bxh6 24.Qxd6 Bc6 25.Nh4 Bxg2 26.Nxg2 Rb8 27.Re2 Bf8 28.Qf4 
Qd7 29.Rfe1 Bd6 30.Qh6 Qg7 31.Qxg7+ Kxg7 32.Rxe6 Kf7 33.Rxd6 1-0

[Event "38th WCh U20 Girls"]
[Site "Cala Gonone ITA"]
[Date "2022.10.19"]
[Round "8.6"]
[White "Schneider, Jana"]
[Black "Koubova, Anna Marie"]
[Result "1-0"]
[WhiteElo "2331"]
[BlackElo "2089"]
[EventDate "2022.10.12"]
[PlyCount "67"]

1.e4 e6 2.d4 d5 3.e5 c5 4.c3 Nc6 5.Nf3 Bd7 6.Be2 Nge7 7.Na3 cxd4 8.cxd4 
Nf5 9.Nc2 Be7 10.O-O O-O 11.Bd3 f6 12.Bf4 fxe5 13.Nxe5 Rc8 14.Re1 Be8 15.
Qd2 Qb6 16.Nxc6 Rxc6 17.b4 Rc8 18.a4 Rxc2 19.Qxc2 Nxd4 20.Qc7 Qxb4 21.Rab1
Qc5 22.Rxb7 Qxc7 23.Bxc7 Bc6 24.Rxa7 Bc5 25.Ra6 Bb7 26.Rb6 Bxb6 27.Bxb6 
Rf4 28.a5 Kf7 29.Rc1 Nc6 30.a6 Ba8 31.Bc5 Ra4 32.f3 Ra2 33.Rb1 Ke8 34.a7 
1-0

[Event "38th WCh U20 Girls"]
[Site "Cala Gonone ITA"]
[Date "2022.10.19"]
[Round "8.7"]
[White "Jarocka, Liwia"]
[Black "Goltseva, Ekaterina"]
[Result "1-0"]
[WhiteElo "2089"]
[BlackElo "2300"]
[EventDate "2022.10.12"]
[PlyCount "111"]

1.d4 Nf6 2.c4 e6 3.Nf3 b6 4.g3 Ba6 5.b3 Bb4+ 6.Bd2 Be7 7.Nc3 d5 8.cxd5 
exd5 9.Bg2 O-O 10.O-O Bb7 11.Qc2 Na6 12.a3 c5 13.dxc5 bxc5 14.Ne5 Qc8 15.
Rfc1 Rd8 16.Na4 Qe6 17.Nd3 Ne4 18.Nf4 Qe5 19.Ba5 Rdc8 20.Bxe4 dxe4 21.Bc3 
Qf5 22.Nb2 Nb4 23.axb4 cxb4 24.Nc4 bxc3 25.Ra5 Rc5 26.Qxc3 h6 27.Rxc5 Qxc5
28.Na5 Qb5 29.Nxb7 Qxb7 30.e3 Rb8 31.Qa5 Bb4 32.Qe5 Ba3 33.Nh5 f6 34.Qe6+ 
Qf7 35.Qxf7+ Kxf7 36.Rc7+ Be7 37.Nxg7 Kxg7 38.Rxe7+ Kg6 39.Rxe4 Rxb3 40.
Ra4 Rb7 41.e4 Re7 42.Kg2 Rb7 43.Ra6 Re7 44.Kf3 h5 45.Kf4 Kg7 46.f3 Kg6 47.
Ra5 Rb7 48.h3 Rc7 49.Ra6 Re7 50.g4 hxg4 51.hxg4 Kf7 52.Ra5 Kg6 53.g5 fxg5+
54.Rxg5+ Kf6 55.Ra5 Rf7 56.Rf5+ 1-0

[Event "38th WCh U20 Girls"]
[Site "Cala Gonone ITA"]
[Date "2022.10.19"]
[Round "8.8"]
[White "Schulze, Lara"]
[Black "Le Thuy An"]
[Result "1-0"]
[WhiteElo "2266"]
[BlackElo "1728"]
[EventDate "2022.10.12"]
[PlyCount "57"]

1.e4 c5 2.Nf3 d6 3.Bb5+ Bd7 4.Bxd7+ Nxd7 5.O-O Ngf6 6.Qe2 g6 7.c3 Bg7 8.d4
e6 9.e5 dxe5 10.dxe5 Nd5 11.c4 Nb4 12.Nc3 Nc6 13.Bf4 a6 14.Rad1 O-O 15.Ne4
Qc7 16.Nd6 Ne7 17.Rd2 Nc8 18.Rfd1 Nxd6 19.Rxd6 Nb6 20.Qd3 Rab8 21.Ng5 Nc8 
22.Rd7 Qc6 23.Ne4 b5 24.Nf6+ Kh8 25.Rd8 Ne7 26.Rxb8 Rxb8 27.Qd8+ Rxd8 28.
Rxd8+ Bf8 29.Bh6 1-0

[Event "38th WCh U20 Girls"]
[Site "Cala Gonone ITA"]
[Date "2022.10.19"]
[Round "8.9"]
[White "Altantuya, Boldbaatar"]
[Black "Ouellet, Maili-Jade"]
[Result "1-0"]
[WhiteElo "2223"]
[BlackElo "2177"]
[EventDate "2022.10.12"]
[PlyCount "139"]

1.d4 d5 2.c4 e6 3.Nc3 Nf6 4.Nf3 Be7 5.Bf4 O-O 6.e3 Nbd7 7.Qc2 c5 8.Rd1 Qa5
9.Bg3 a6 10.Nd2 cxd4 11.Nb3 Qb6 12.Rxd4 Bb4 13.cxd5 Nxd5 14.Bd3 h6 15.O-O 
Nxc3 16.bxc3 Be7 17.Rd1 Kh8 18.Be2 Nb8 19.Bf3 Nc6 20.R4d2 Rd8 21.Rxd8+ 
Bxd8 22.Qd2 Bf6 23.Qd6 Be7 24.Qc7 Qxc7 25.Bxc7 Bf6 26.Nc5 e5 27.Rb1 Bd8 
28.Bxc6 Bxc7 29.Bxb7 Bxb7 30.Rxb7 Ba5 31.Rb3 Bc7 32.Kf1 Kg8 33.e4 a5 34.a4
Kf8 35.Nd3 Ke7 36.Rb7 Kd8 37.Nb2 Rb8 38.Rb5 f6 39.Ke2 Kd7 40.Rxb8 Bxb8 41.
Nc4 Bc7 42.Ne3 Bd6 43.Kd3 h5 44.Kc4 Kc6 45.Nf5 Bf8 46.f4 exf4 47.Nd4+ Kd6 
48.Nb3 g5 49.Nxa5 g4 50.Kd3 h4 51.Nc4+ Kc5 52.Nd2 Bh6 53.Nb3+ Kb6 54.Ke2 
Bf8 55.Kf1 Bd6 56.h3 g3 57.Ke2 Be5 58.Nd4 Ka5 59.Nf5 Kxa4 60.Nxh4 Kb5 61.
Nf5 Bxc3 62.h4 Bb4 63.h5 Bf8 64.h6 Bxh6 65.Nxh6 Kc6 66.Kf3 Kd6 67.Kxf4 Ke6
68.Nf5 Kf7 69.Nxg3 Kg6 70.Nh5 1-0

[Event "38th WCh U20 Girls"]
[Site "Cala Gonone ITA"]
[Date "2022.10.19"]
[Round "8.10"]
[White "Vanduyfhuys, Daria"]
[Black "Malicka, Maria"]
[Result "1-0"]
[WhiteElo "2073"]
[BlackElo "2327"]
[EventDate "2022.10.12"]
[PlyCount "65"]

1.d4 Nf6 2.c4 g6 3.Nc3 d5 4.cxd5 Nxd5 5.Bd2 Bg7 6.e4 Nxc3 7.Bxc3 O-O 8.Qd2
Nc6 9.d5 Ne5 10.f4 Ng4 11.Bxg7 Kxg7 12.O-O-O c6 13.h3 Nf6 14.g4 Qc7 15.Kb1
Rd8 16.Bg2 cxd5 17.e5 Ng8 18.Ne2 Bd7 19.Nd4 e6 20.h4 Rac8 21.h5 Ba4 22.
Rde1 Re8 23.Rh3 a5 24.hxg6 hxg6 25.Reh1 Kf8 26.Rh7 Re7 27.Rh8 Rd7 28.Qd3 
b5 29.Qh3 Bc2+ 30.Ka1 g5 31.Qh6+ Ke7 32.Qxg5+ f6 33.Qg7+ 1-0

[Event "38th WCh U20 Girls"]
[Site "Cala Gonone ITA"]
[Date "2022.10.19"]
[Round "8.11"]
[White "Gomez Barrera, Javiera Belen"]
[Black "Nurgali, Nazerke"]
[Result "0-1"]
[WhiteElo "2219"]
[BlackElo "2169"]
[EventDate "2022.10.12"]
[PlyCount "92"]

1.e4 c6 2.d4 d5 3.e5 Bf5 4.g4 Bd7 5.Nc3 e6 6.Be3 Ne7 7.Nf3 h5 8.gxh5 Nf5 
9.Bg5 Be7 10.h4 Rxh5 11.Bd3 g6 12.Bxf5 exf5 13.Qd2 Bxg5 14.Nxg5 Na6 15.
O-O-O Nc7 16.Ne2 Qe7 17.Nf4 Rh8 18.Rde1 Ne6 19.Nfxe6 Bxe6 20.f4 O-O-O 21.
Re3 Kb8 22.Rhh3 Rc8 23.b4 b6 24.Ra3 Rc7 25.Qe1 Ka8 26.Rhb3 Rhc8 27.Ra6 Rb8
28.Qe2 Rh8 29.Nf3 Bc8 30.Ra4 Kb8 31.Qd3 Bb7 32.Rba3 Ba8 33.Rb3 Rhc8 34.Qe2
Bb7 35.Rba3 a6 36.Rb3 Ka7 37.Rba3 b5 38.Ra5 Qxb4 39.c3 Qc4 40.Qxc4 dxc4 
41.d5 Kb6 42.d6 Rd7 43.h5 gxh5 44.Nh4 Rg8 45.Nxf5 Rg4 46.Nd4 Rxf4 0-1

[Event "38th WCh U20 Girls"]
[Site "Cala Gonone ITA"]
[Date "2022.10.19"]
[Round "8.12"]
[White "Kucharska, Honorata"]
[Black "Gombocz, Zsofia"]
[Result "1-0"]
[WhiteElo "2179"]
[BlackElo "2118"]
[EventDate "2022.10.12"]
[PlyCount "95"]

1.e4 e5 2.Nf3 Nc6 3.Bb5 a6 4.Ba4 Nf6 5.d3 b5 6.Bb3 Be7 7.O-O d6 8.a3 O-O 
9.Re1 Na5 10.Ba2 c5 11.Nc3 Bb7 12.Bg5 Rc8 13.Bxf6 Bxf6 14.Bd5 Bxd5 15.Nxd5
c4 16.Qd2 Nb7 17.dxc4 Rxc4 18.b3 Rc5 19.a4 bxa4 20.Rxa4 a5 21.c3 Rc6 22.b4
Ra6 23.Rea1 h6 24.h3 Bg5 25.Nxg5 hxg5 26.Ne3 Qc7 27.Nf5 f6 28.Qd5+ Kh7 29.
Ne3 Rc8 30.Qd3 Ra7 31.Nd5 Qf7 32.Qe3 Nd8 33.Rxa5 Rxa5 34.Rxa5 Nc6 35.Ra6 
Qb7 36.Rb6 Qd7 37.Qe2 Kg8 38.Qb5 Kh8 39.Rb7 Qe8 40.Nb6 Rd8 41.Rc7 Nb8 42.
Qxe8+ Rxe8 43.b5 Kg8 44.Nd5 Kf8 45.b6 Na6 46.Ra7 Nb8 47.Nc7 Rc8 48.Ne6+ 
1-0

[Event "38th WCh U20 Girls"]
[Site "Cala Gonone ITA"]
[Date "2022.10.19"]
[Round "8.13"]
[White "Kanyamarala, Trisha"]
[Black "Aubert, Estee"]
[Result "1-0"]
[WhiteElo "2174"]
[BlackElo "2019"]
[EventDate "2022.10.12"]
[PlyCount "57"]

1.d4 d5 2.c4 c6 3.Nf3 Nf6 4.Qb3 e6 5.e3 Nbd7 6.Nc3 Be7 7.Bd3 b6 8.O-O Bb7 
9.cxd5 cxd5 10.Bd2 O-O 11.Rac1 a6 12.Ne2 Ne4 13.Bb4 Nd6 14.a4 Rc8 15.Ne5 
Rxc1 16.Rxc1 Nxe5 17.dxe5 Nc8 18.Bxe7 Nxe7 19.Qc2 h6 20.Qc7 Bc8 21.Qd6 Ng6
22.Qxd8 Rxd8 23.Bxg6 fxg6 24.Rc6 b5 25.a5 g5 26.Nd4 Kf7 27.Rc7+ Kf8 28.Nc6
Re8 29.Na7 1-0